000 00326cam a22001217a 4500
008 180718b1980 xxu||||| |||| 00| 0 eng d
082 _aH T1 L831
100 _aLohia, Rammanohar
245 _aArthshastra: marx ke aage
_cby Rammanohar Lohia
260 _aIlahabad
_bLok Bharati Prakashan
_c1980
300 _a84p.
500 _aNA
999 _c501969
_d501969